Το Σύνταγμα : ερμηνευτικά σχόλια, νομολογία. Κωδικοποίηση διατάξεων για το Σ.Τ.Ε. (Π.Δ. 18/1989)
Αποθηκεύτηκε σε:
| Κύριος συγγραφέας: | |
|---|---|
| Άλλοι συγγραφείς: | |
| Μορφή: | Βιβλίο |
| Γλώσσα: | Greek |
| Δημοσίευση: |
Αθήνα :
Χάρης Καρατζάς,
1989.
|
| Θέματα: | |
| Ετικέτες: |
Προσθήκη ετικέτας
Δεν υπάρχουν, Καταχωρήστε ετικέτα πρώτοι!
|
MARC
| LEADER | 00000cam a2200000 i 4500 | ||
|---|---|---|---|
| 001 | 1/22007 | ||
| 008 | 960307s1989 gre d | ||
| 035 | |l 10021819 | ||
| 040 | |a GR-MY-UA |b gre |e aacr | ||
| 041 | 0 | |a gre | |
| 082 | 0 | |a 342.495 | |
| 100 | 1 | |a Καράκωστας, Βελισσάριος Κ. | |
| 245 | 1 | 3 | |a Το Σύνταγμα : |b ερμηνευτικά σχόλια, νομολογία. Κωδικοποίηση διατάξεων για το Σ.Τ.Ε. (Π.Δ. 18/1989) / |c Βελισσάριος Καράκωστας, Ελένη Γεωργοπούλου-Αθανασούλη. |
| 260 | |a Αθήνα : |b Χάρης Καρατζάς, |c 1989. | ||
| 300 | |a 343 σ. ; |c 23 εκ. | ||
| 650 | 0 | 0 | |a Law |x Codification. |
| 650 | 0 | |a Constitutional law |z Greece. | |
| 700 | 1 | |a Γεωργοπούλου-Αθανασούλη, Ελένη. | |
| 852 | |a INST |b CHIOS |e 19960307 |h 342.495 ΚΑΡ |p 005200000651 |q 005200000651 |t BK |y 0 |z τ.2 | ||
| 852 | |a INST |b CHIOS |e 19960307 |h 342.495 ΚΑΡ |p 005200000652 |q 005200000652 |t BK |y 0 |z τ.1 | ||
| 852 | |a INST |b CHIOS |e 19960307 |h 342.495 ΚΑΡ |p 005200000651 |q 005200000651 |t BK |v τ.2: |y 0 |z τ.2 | ||
| 852 | |a INST |b CHIOS |e 19960307 |h 342.495 ΚΑΡ |p 005200000652 |q 005200000652 |t BK |v τ.1: |y 0 |z τ.1 | ||
| 853 | |a INST |b CHIOS |h 342.495 ΚΑΡ | ||